Statistics for Smashing Pumpkins Songs

Click here to take the quiz!

General Stats

  • This quiz has been taken 481 times
    (479 since last reset)
  • The average score is 69 of 150

Answer Stats

HintAnswer% Correct
* You (An Ode to No One)
96%
Today
92%
Cherub Rock
88%
1979
87%
Tonight, Tonight
85%
Ava Adore
83%
Mayonaise
83%
Zero
82%
Bullet with Butterfly Wings
81%
Disarm
80%
Mellon Collie and the Infinite Sadness
79%
Mellon Collie and the Infinite SadnessRhinoceros
79%
Geek U.S.A.
75%
Hummer
74%
GishI Am One
74%
Siamese DreamSiva
74%
Rocket
73%
Silver*
73%
Luna
72%
Quiet
72%
Soma
71%
Perfect
68%
Jellybelly
67%
Porcelina of the Vast Oceans
66%
Thirty-Three
66%
X.Y.U.
65%
Spaceboy
64%
The Everlasting Gaze
64%
Thru the Eyes of Ruby
63%
Stand Inside Your Love
61%
To Sheila
61%
Pisces IscariotDaydream
60%
Farewell and Goodnight
60%
Galapogos
60%
Sweet Sweet
60%
OceaniaTristessa
60%
Here Is No Why
59%
Love
59%
Bodies
58%
For Martha
58%
ZeitgeistSnail
57%
Take Me Down
57%
To Forgive
57%
We Only Come Out at Night
57%
Muzzle
56%
Monuments to an ElegyWindow Paine
56%
Landslide
55%
Machina/The Machines of GodCrush
54%
17
53%
Cupid de Locke
53%
Lily (My One and Only)
53%
Try, Try, Try
53%
AdoreBury Me
52%
By Starlight
52%
Tales of a Scorched Earth
52%
Tarantula
52%
Blue
51%
Where Boys Fear to Tread
51%
Beautiful
50%
Daphne Descends
50%
Heavy Metal Machine
49%
Stumbleine
49%
Machina II/The Friends & Enemies of Modern MusicSuffer
49%
Appels + Oranjes
48%
In the Arms of Sleep
48%
Starla
48%
Blank Page
47%
Oceania
47%
Pug
47%
Annie-Dog
46%
Hello Kitty Kat
46%
Tear
46%
Doomsday Clock
45%
Behold! The Night Mare
44%
Glass
44%
Raindrops + Sunshowers
44%
Shame
44%
United States
44%
Soothe
43%
Blew Away
41%
Crestfallen
41%
I of the Mourning
41%
Plume
41%
Whir
41%
Frail and Bedazzled
40%
Go
40%
The Tale of Dusty and Pistol Pete
40%
Innosense
39%
Once Upon a Time
39%
Wound
39%
Obscured
38%
Spaced
38%
Age of Innocence
37%
Pissant
37%
Starz
37%
Blue Skies Bring Tears
36%
Glass and the Ghost Children
36%
Bleeding the Orchid
35%
Panopticon
35%
7 Shades of Black
34%
Girl Named Sandoz
34%
This Time
34%
Cash Car Star
33%
La Dolly Vita
33%
Quasar
33%
That's the Way (My Love Is)
33%
The Sacred and Profane
33%
With Every Light
33%
The Crying Tree of Mercury
32%
Dross
30%
Monuments
29%
The Celestials
29%
The Imploding Voice
29%
Tiberius
29%
Drum + Fife
28%
Pale Horse
28%
Pomp and Circumstances
28%
Home
27%
Real Love
27%
Neverlost
26%
Bring the Light
25%
(Come On) Let's Go!
25%
My Love Is Winter
25%
Pinwheels
25%
Dorian
24%
For God and Country
24%
Being Beige
23%
In My Body
22%
Saturnine
22%
Soul Power
22%
Violet Rays
22%
White Spyder
22%
Wildflower
22%
Atom Bomb
21%
If There Is a God
21%
Inkless
21%
Let Me Give the World to You
21%
Run2me
21%
Anaise!
20%
Lucky 13
20%
Speed Kills
20%
Glissandra
19%
Le Deux Machina
19%
Slow Dawn
19%
Vanity
19%
Anti-Hero
18%
One Diamond, One Heart
16%
The Chimera
16%
One and All (We Are)
11%

Score Distribution

Percentile by Number Answered

Percent of People with Each Score

Your Score History

You have not taken this quiz since the last reset